[Event "Osvaldo Pugliese in memorian"]
[Site "SchemingMind.com"]
[Date "2006.10.25"]
[Round "-"]
[White "Manfred Kraut"]
[Black "limajazz"]
[Result "0-1"]
[WhiteCountry "GER"]
[BlackCountry "GUA"]
[WhiteElo "1297"]
[WhiteRD "60"]
[BlackElo "1449"]
[BlackRD "113"]
[GameID "73585"]

1. e4 e5 2. Nc3 Nf6 3. Nf3 Bd6 4. Bc4 O-O 5. d3 Ng4 6. h3 Nxf2 7. Kxf2 b6 8. Rf1 Bc5+ 9. Be3 d6 10. d4 exd4
11. Bxd4 Re8 12. Bxc5 bxc5 13. e5 dxe5 14. Nd5 e4 15. Nh4 Be6 16. Ke3 Kh8 17. Kxe4 Bg4+ 18. Kf4 Bxd1 19. Raxd1 Qxh4+ 20. g4 Qxh3
21. Rf3 Qh2+ 22. Rg3 Qf2+ 23. Rf3 g5+ 24. Kxg5 Qxf3
0-1

[Event "Osvaldo Pugliese in memorian"]
[Site "SchemingMind.com"]
[Date "2006.10.25"]
[Round "-"]
[White "Manfred Kraut"]
[Black "sacuna"]
[Result "1-0"]
[WhiteCountry "GER"]
[BlackCountry "ARG"]
[WhiteElo "1372"]
[WhiteRD "67"]
[BlackElo "1314"]
[BlackRD "85"]
[GameID "73586"]

1. d4 d5 2. Nc3 e6 3. e4 dxe4 4. Nxe4 f5 5. Ng5 h6 6. Qh5+ Ke7 7. Qf7+ Kd6 8. Bf4+ Kd5 9. O-O-O hxg5 10. Bd2 Kxd4
11. Bc3+ Kc5 12. Rxd8 Bd6 13. Bxg7 Rh4 14. Rxg8 Rd4 15. Bxd4+
1-0

[Event "Osvaldo Pugliese in memorian"]
[Site "SchemingMind.com"]
[Date "2006.10.25"]
[Round "-"]
[White "Manfred Kraut"]
[Black "mart_r3000"]
[Result "1-0"]
[WhiteCountry "GER"]
[BlackCountry "ENG"]
[WhiteElo "1313"]
[WhiteRD "64"]
[BlackElo "1254"]
[BlackRD "55"]
[GameID "73587"]

1. d4 d5 2. Nc3 Nf6 3. Bf4 Nc6 4. e3 Bf5 5. Bd3 Bg4 6. f3 Be6 7. Nge2 Nb4 8. a3 Nxd3+ 9. Qxd3 c6 10. O-O g6
11. e4 Nh5 12. e5 Nxf4 13. Nxf4 Bf5 14. Qd2 Bh6 15. Rae1 e6 16. g3 Bxf4 17. Qxf4 g5 18. Qd2 f6 19. g4 Bg6 20. f4 O-O
21. f5 Bf7 22. exf6 e5 23. Qxg5+ Bg6 24. fxg6 e4 25. gxh7+ Kf7 26. Qg7+ Ke6 27. Rf5 Kd6 28. f7 Qb6 29. Qe5+ Kd7 30. h8=Q Rxh8
31. g5 Raf8 32. Ref1 Rh7 33. g6 Rh6 34. g7 Re6 35. gxf8=Q Rxe5 36. Rxe5 Qxd4+ 37. Kg2 Qd2+ 38. Rf2 Qd4 39. Qe8+ Kc7 40. f8=Q Kb6
41. Qd8+ Ka6 42. Qb4
1-0

[Event "Osvaldo Pugliese in memorian"]
[Site "SchemingMind.com"]
[Date "2006.10.25"]
[Round "-"]
[White "Manfred Kraut"]
[Black "Tahur"]
[Result "0-1"]
[WhiteCountry "GER"]
[BlackCountry "ARG"]
[WhiteElo "1313"]
[WhiteRD "64"]
[BlackElo "1415"]
[BlackRD "60"]
[GameID "73588"]

1. e4 e5 2. Nf3 Nc6 3. Bc4 Bc5 4. O-O Nf6 5. d3 h6 6. Nc3 d6 7. Re1 a6 8. Be3 Bxe3 9. Rxe3 Bg4 10. a3 Nd4
11. h3 Bxf3 12. gxf3 b5 13. Bd5 Nxd5 14. exd5 Qg5+ 15. Kh2 Rc8 16. Qg1 Qxg1+ 17. Rxg1 Rg8 18. Ne4 f5 19. Nd2 Nxc2 20. Re2 c6
21. dxc6 Rxc6 22. f4 Nd4 23. Ree1 Rc2 24. Rd1 Rxb2 25. fxe5 dxe5 26. Kg3 Ra2 27. Nb1 Ne2+ 28. Kg2 Nxg1 29. Kxg1 g5 30. Re1 e4
31. dxe4 fxe4 32. Rxe4+ Kf7 33. Kg2 Ra1 34. Nd2 Rxa3 35. f3 Ra2 36. Re2 Rd8
0-1

[Event "Osvaldo Pugliese in memorian"]
[Site "SchemingMind.com"]
[Date "2006.10.25"]
[Round "-"]
[White "Manfred Kraut"]
[Black "Negrito19"]
[Result "0-1"]
[WhiteCountry "GER"]
[BlackCountry "ARG"]
[WhiteElo "1313"]
[WhiteRD "64"]
[BlackElo "1506"]
[BlackRD "56"]
[GameID "73589"]

1. d4 d5 2. c4 Nf6 3. cxd5 Qxd5 4. Nc3 Qh5 5. Nf3 Bg4 6. h3 Bxf3 7. g4 Bxg4 8. Bf4 e6 9. Qd3 Bf5 10. Qb5+ Nbd7
11. Qxb7 Rb8 12. Qxc7 Ne4 13. O-O-O Nxf2 14. Rh2 Nxd1 15. Nxd1 g5 16. Be5 g4 17. Ne3 Rg8 18. Nxf5 Qxf5 19. hxg4 Qxf1+ 20. Kd2 Rxb2+
21. Kc3 Qc1+ 22. Kd3 Qd2+ 23. Ke4 Rxg4+ 24. Kf3 Rc2 25. Qxc2 Nxe5+ 26. dxe5 Qxc2 27. Rxh7 Qe4+
0-1

[Event "Osvaldo Pugliese in memorian"]
[Site "SchemingMind.com"]
[Date "2006.10.25"]
[Round "-"]
[White "Manfred Kraut"]
[Black "alejandra"]
[Result "1-0"]
[WhiteCountry "GER"]
[BlackCountry "ARG"]
[WhiteElo "1243"]
[WhiteRD "61"]
[BlackElo "1166"]
[BlackRD "83"]
[GameID "73590"]

1. d4 d5 2. Nf3 Bf5 3. Nc3 Nc6 4. Bf4 e6 5. e3 Bg4 6. h3 Bf5 7. Bd3 Nf6 8. Bxf5 exf5 9. Ne5 Nb4 10. Nd3 Bd6
11. Qf3 Nxc2+ 12. Ke2 O-O 13. Rac1 Nb4 14. a3 Na6 15. Nxd5 c6 16. Nxf6+ Qxf6 17. e4 Rfe8 18. e5 Nc7 19. Kd2 Qe6 20. exd6 Nb5
21. Nc5 Qf6 22. Nd7 Qxd4+ 23. Kc2 Rad8 24. Rhd1 Rxd7 25. Kb1 Qa4 26. Re1 Re6 27. Rxe6
1-0

[Event "Osvaldo Pugliese in memorian"]
[Site "SchemingMind.com"]
[Date "2006.10.25"]
[Round "-"]
[White "Manfred Kraut"]
[Black "tacticrules"]
[Result "0-1"]
[WhiteCountry "GER"]
[BlackCountry "GER"]
[WhiteElo "1313"]
[WhiteRD "64"]
[BlackElo "1601"]
[BlackRD "58"]
[GameID "73591"]

1. e4 e5 2. Nf3 Nf6 3. Nxe5 d6 4. Nxf7 Kxf7 5. Nc3 Nc6 6. d4 Be7 7. f4 Bg4 8. Be2 Bxe2 9. Qxe2 Nxd4 10. Qc4+ Ne6
11. f5 Qd7 12. fxe6+ Qxe6 13. Qd3 Rhd8 14. O-O Kg8 15. Be3 c5 16. Rae1 c4 17. Qd4 Ng4 18. h3 Bf6 19. e5 Nxe3 20. Rxe3 Bxe5
21. Qd5 Qxd5 22. Nxd5 Bd4 23. c3 Bxe3+ 24. Nxe3 Rf8 25. Rxf8+ Rxf8 26. Kh2 b5 27. g4 Rf2+ 28. Kg3 Rxb2 29. h4 Rxa2 30. Nd5 Re2
31. h5 Re5 32. Nb4 Re3+ 33. Kf4 Rxc3 34. Nd5 Rc1 35. g5 a5 36. Kf5 b4 37. Ke6 b3 38. Ke7 b2 39. Ke8 Re1+ 40. Ne7+ Rxe7+
41. Kxe7 b1=Q
0-1

[Event "Osvaldo Pugliese in memorian"]
[Site "SchemingMind.com"]
[Date "2006.10.25"]
[Round "-"]
[White "Manfred Kraut"]
[Black "crespov"]
[Result "1-0"]
[WhiteCountry "GER"]
[BlackCountry "CHI"]
[WhiteElo "1313"]
[WhiteRD "64"]
[BlackElo "1643"]
[BlackRD "97"]
[GameID "73592"]

1. d4 Nf6 2. Nf3 d5 3. c4 c6 4. c5 Bf5 5. Nc3 e6 6. e3 Be7 7. Bd3 Bg6 8. Bxg6 fxg6 9. Ng5 Qd7 10. Qf3 O-O
11. e4 Nxe4 12. Qh3 Nxf2 13. Qxh7#
1-0

[Event "Osvaldo Pugliese in memorian"]
[Site "SchemingMind.com"]
[Date "2006.10.27"]
[Round "-"]
[White "antje"]
[Black "Manfred Kraut"]
[Result "0-1"]
[WhiteCountry "GER"]
[BlackCountry "GER"]
[WhiteElo "1133"]
[WhiteRD "73"]
[BlackElo "1297"]
[BlackRD "60"]
[GameID "73593"]

1. b3 d5 2. e3 e5 3. Bb2 e4 4. c4 Nf6 5. d3 Bb4+ 6. Nd2 exd3 7. Bxd3 dxc4 8. Bxc4 O-O 9. Ne2 Nc6 10. O-O Bxd2
0-1

[Event "Osvaldo Pugliese in memorian"]
[Site "SchemingMind.com"]
[Date "2006.10.30"]
[Round "-"]
[White "limajazz"]
[Black "Manfred Kraut"]
[Result "1-0"]
[WhiteCountry "GUA"]
[BlackCountry "GER"]
[WhiteElo "1449"]
[WhiteRD "113"]
[BlackElo "1297"]
[BlackRD "60"]
[GameID "73594"]

1. e4 e5 2. d3 Bc5 3. Nf3 Nc6 4. Nc3 d6 5. Ng5 Nf6 6. Be2 O-O 7. O-O h6 8. Nf3 Be6 9. Bxh6 gxh6 10. Qd2 Kh7
11. Rae1 Bb4 12. h3 Rg8 13. Nh4 Ng4 14. g3 Nf6 15. Nf5 Nd4 16. Qxh6#
1-0

[Event "Osvaldo Pugliese in memorian"]
[Site "SchemingMind.com"]
[Date "2006.10.25"]
[Round "-"]
[White "sacuna"]
[Black "Manfred Kraut"]
[Result "1-0"]
[WhiteCountry "ARG"]
[BlackCountry "GER"]
[WhiteElo "1321"]
[WhiteRD "75"]
[BlackElo "1313"]
[BlackRD "64"]
[GameID "73595"]

1. d4 g6 2. Nc3 Nf6 3. Nf3 Bg7 4. g3 d6 5. Bg2 O-O 6. O-O Nc6 7. d5 Ne5 8. Nxe5 dxe5 9. f4 exf4 10. Rxf4 Qd6
11. Be3 Ng4 12. Bd4 Bxd4+ 13. Qxd4 c5 14. dxc6 Qxd4+ 15. Rxd4 bxc6 16. Bxc6 Rb8 17. Nb5 Ba6 18. Rxg4 Bxb5 19. Bxb5 Rxb5 20. b3 f5
21. Rd4 e5 22. Rd7 a5 23. a4 Rb4 24. Rad1 Rf7 25. Kf2 Rxd7 26. Rxd7 e4 27. Ra7 h5 28. Rxa5 Kh7 29. Rb5 Rd4 30. c4 Kg7
31. Ke3 Rd7 32. b4 Kf7 33. c5 Ke7 34. a5 Ra7 35. Kf4 Kd7 36. Kg5 Kc6 37. Rb6+ Kc7 38. Kxg6 Rb7 39. Kxf5 Rxb6 40. cxb6+ Kb7
41. Kxe4
1-0

[Event "Osvaldo Pugliese in memorian"]
[Site "SchemingMind.com"]
[Date "2006.10.26"]
[Round "-"]
[White "mart_r3000"]
[Black "Manfred Kraut"]
[Result "1-0"]
[WhiteCountry "ENG"]
[BlackCountry "GER"]
[WhiteElo "1254"]
[WhiteRD "55"]
[BlackElo "1313"]
[BlackRD "64"]
[GameID "73596"]

1. e4 e5 2. Nf3 Nc6 3. d4 exd4 4. Nxd4 Bc5 5. c3 Qf6 6. Be3 Nge7 7. Bc4 Ne5 8. O-O Nxc4 9. Bc1 d5 10. exd5 Nxd5
11. Qe2+ Ne5 12. f4 Bg4 13. Qb5+ c6 14. Qxb7 O-O 15. fxe5 Qxe5 16. Qxc6 Bxd4+ 17. cxd4 Qxd4+ 18. Kh1 Rac8 19. Qa6 Rxc1 20. Rxc1 Qxb2
21. Nc3 Nxc3 22. Qxa7 Rc8 23. Qa6 Ne2 24. Rxc8+ Bxc8 25. Qxc8#
1-0

[Event "Osvaldo Pugliese in memorian"]
[Site "SchemingMind.com"]
[Date "2006.10.26"]
[Round "-"]
[White "Tahur"]
[Black "Manfred Kraut"]
[Result "1-0"]
[WhiteCountry "ARG"]
[BlackCountry "GER"]
[WhiteElo "1415"]
[WhiteRD "60"]
[BlackElo "1313"]
[BlackRD "64"]
[GameID "73597"]

1. e4 e5 2. Nf3 Nc6 3. Bc4 h6 4. Nc3 Nf6 5. a3 a6 6. d3 Bc5 7. h3 O-O 8. O-O d6 9. Qe1 b5 10. Bd5 Bb7
11. Be3 Bxe3 12. Qxe3 Na5 13. b4 Bxd5 14. exd5 Qb8 15. bxa5 Qb7 16. d4 b4 17. axb4 Qxb4 18. dxe5 dxe5 19. Nxe5 Rfd8 20. Nc6 Re8
21. Nxb4 Rxe3 22. fxe3 c5 23. Nc6 Rc8 24. Ne7+
1-0

[Event "Osvaldo Pugliese in memorian"]
[Site "SchemingMind.com"]
[Date "2006.10.25"]
[Round "-"]
[White "Negrito19"]
[Black "Manfred Kraut"]
[Result "1-0"]
[WhiteCountry "ARG"]
[BlackCountry "GER"]
[WhiteElo "1506"]
[WhiteRD "56"]
[BlackElo "1313"]
[BlackRD "64"]
[GameID "73598"]

1. e4 e5 2. Nf3 Nc6 3. Bc4 Nf6 4. Ng5 Qe7 5. Nxf7 Rg8 6. Ng5 Rh8 7. d3 h6 8. Nf7 Rg8 9. O-O d6 10. Nxh6 gxh6
11. Bxg8 Nxg8 12. Nc3 Qg7 13. Qh5+ Kd8 14. Nd5 Be7 15. Nxe7 Ncxe7 16. f4 Nf6 17. Qh4 Ng6 18. Qg3 Nh5 19. Qf3 Ngxf4 20. Bxf4 Nxf4
21. Qg3 Ne2+ 22. Kh1 Nxg3+ 23. hxg3 Qxg3 24. Rf3 Qh4+ 25. Kg1 Bg4 26. Rf8+ Ke7 27. Rxa8 a6 28. Ra7 Kd7 29. Rxb7 Kc6 30. Rb8 Be2
31. a4 Qf4 32. b4 Qe3+ 33. Kh2 h5 34. b5+ axb5 35. axb5+ Kc5 36. Ra5 h4 37. b6+ Kc6 38. b7 Qg3+ 39. Kg1 Bf3 40. Ra6+ Kd7
41. Rd8+ Kxd8 42. b8=Q+ Kd7 43. Rxd6+ Kxd6 44. Qd8+ Kc6 45. Qd5+ Kb6 46. Qb3+ Kc6= 47. Qc3+ Kd6 48. Qd2 h3 49. Qh6+ Kd7 50. Qxh3+ Qg4
51. Qxf3 Qxf3 52. gxf3 Ke6 53. Kg2 c5 54. Kg3 Kf6 55. f4 exf4+ 56. Kxf4 Ke6 57. c4 Kd6 58. e5+ Ke6 59. Ke4 Ke7 60. Kd5 Kd7
61. Kxc5 Ke7 62. Kd5 Kd7 63. c5 Ke7 64. c6 Kd8 65. e6 Ke7 66. c7
1-0

[Event "Osvaldo Pugliese in memorian"]
[Site "SchemingMind.com"]
[Date "2006.10.25"]
[Round "-"]
[White "tacticrules"]
[Black "Manfred Kraut"]
[Result "1-0"]
[WhiteCountry "GER"]
[BlackCountry "GER"]
[WhiteElo "1601"]
[WhiteRD "58"]
[BlackElo "1313"]
[BlackRD "64"]
[GameID "73600"]

1. d4 g6 2. c4 Bg7 3. Nf3 Nf6 4. g3 c6 5. Bg2 O-O 6. O-O d5 7. cxd5 cxd5 8. Nc3 Bg4 9. Qb3 b6 10. Ne5 Qd6
11. Bf4 Qe6 12. Nxd5 Nxd5 13. Bxd5 Nc6 14. Bxe6 Bxe6 15. Qe3 Rad8 16. Nxc6 Rd7 17. Nxe7+ Rxe7 18. Bd6
1-0

[Event "Osvaldo Pugliese in memorian"]
[Site "SchemingMind.com"]
[Date "2006.10.25"]
[Round "-"]
[White "crespov"]
[Black "Manfred Kraut"]
[Result "1-0"]
[WhiteCountry "CHI"]
[BlackCountry "GER"]
[WhiteElo "1643"]
[WhiteRD "97"]
[BlackElo "1313"]
[BlackRD "64"]
[GameID "73601"]

1. e4 e5 2. Nf3 Nf6 3. Bc4 h6 4. Nc3 Nc6 5. O-O Bc5 6. d3 O-O 7. h3 d6 8. Nd5 a6 9. a4 Na5 10. b4 Nxc4
11. bxc5 dxc5 12. dxc4 Nxe4 13. Re1 Nd6 14. Nxe5 c6 15. Ne3 Qf6 16. Bb2 Re8 17. Rb1 Rxe5 18. Bxe5 Qxe5 19. Nd5 Qg5 20. Ne7+ Kf8
21. Nxc8 Nxc8 22. Qd7 Kg8 23. Re8+ Kh7 24. Rxc8 Rxc8 25. Qxc8 Qd2 26. Qf5+ Kg8 27. Rxb7 Qd1+ 28. Kh2 Qd6+ 29. g3 f6 30. Qg4 Qf8
31. Rc7 g5 32. Rc8 Qxc8 33. Qxc8+ Kg7 34. Qxa6 Kg6 35. Qxc6 Kh5 36. Qe8#
1-0